000 00432nam a22001457a 4500
005 20231214162221.0
008 231214b |||||||| |||| 00| 0 eng d
082 _a954.9143
_bVOG-T
100 _aVogel, J. Ph. (Jean Philippe)
245 _aTile-Mosaics of the Lahore Fort/
_cVogel, J. Ph. (Jean Philippe)
260 _aPakistan
_bPakistan Publications
_c1920
500 _aBibliography Given
650 _aArchitecture
999 _c34930
_d34930